Statistical framework for recreational water quality criteria and monitoring / (Record no. 135211)

MARC details
000 -LEADER
fixed length control field 00830nam a2200253Ia 4500
008 - FIXED-LENGTH DATA ELEMENTS--GENERAL INFORMATION
fixed length control field
020 ## - INTERNATIONAL STANDARD BOOK NUMBER
International Standard Book Number 9780470033722 (hbk.)
049 ## - LOCAL HOLDINGS (OCLC)
Holding library MAIN
090 ## - LOCALLY ASSIGNED LC-TYPE CALL NUMBER (OCLC); LOCAL CALL NUMBER (RLIN)
Classification number (OCLC) (R) ; Classification number, CALL (RLIN) (NR) TD367
Local cutter number (OCLC) ; Book number/undivided call number, CALL (RLIN) STA
003 - CONTROL NUMBER IDENTIFIER
control field
005 - DATE AND TIME OF LATEST TRANSACTION
control field 20230123125053.0
040 ## - CATALOGING SOURCE
Transcribing agency NUST
245 00 - TITLE STATEMENT
Title Statistical framework for recreational water quality criteria and monitoring /
Statement of responsibility, etc. edited by Larry J. Wymer.
260 ## - PUBLICATION, DISTRIBUTION, ETC.
Place of publication, distribution, etc. Chichester :
Name of publisher, distributor, etc. John Wiley & Sons,
Date of publication, distribution, etc. c2007.
300 ## - PHYSICAL DESCRIPTION
Extent xi, 234 p. :
Other physical details ill. ;
Dimensions 23 cm.
440 #0 - SERIES STATEMENT/ADDED ENTRY--TITLE
Title Statistics in practice.
500 ## - GENERAL NOTE
General note Includes Index.
504 ## - BIBLIOGRAPHY, ETC. NOTE
Bibliography, etc. note Includes bibliographical references.
650 #0 - SUBJECT ADDED ENTRY--TOPICAL TERM
Topical term or geographic name entry element Water quality
General subdivision Measurement
-- Statistical methods.
655 #7 - INDEX TERM--GENRE/FORM
Genre/form data or focus term Electronic books.
Source of term local.
700 1# - ADDED ENTRY--PERSONAL NAME
Personal name Wymer, Larry J.
907 ## - LOCAL DATA ELEMENT G, LDG (RLIN)
a .b10285982
b 21-02-12
c 02-11-10
942 ## - ADDED ENTRY ELEMENTS (KOHA)
Koha item type Ordinary Loan Books
Call number prefix TD367
Call number suffix STA
Holdings
Date last seen Total Checkouts Full call number Barcode Cost, replacement price Price effective from Koha item type Lost status Source of classification or shelving scheme Damaged status Not for loan Collection Withdrawn status Home library Current library Shelving location Date acquired Cost, normal purchase price
01/23/2023   TD367 STA 92004015282 80.00 01/23/2023 BOOKS   LCC     NFIC   MAIN MAIN GEN 01/23/2023 80.00